Introduction to plant population ecology

Bibliographic Details
Main Author: SILVERTOWN
Format: Book
Published: London : Longman , 1982
Subjects:

MARC

LEADER 00000cam a2200000 7i4500
001 0000002727
005 20031229.0
020 0 0 |a 0582442650 
090 0 0 |a 581.78   |b SIL 1982 
100 1 0 |a SILVERTOWN   |h Jonathan W. 
245 1 0 |a Introduction to plant population ecology   |c Jonathan W. Silvertown 
260 0 0 |a London :   |b Longman ,   |c 1982 
300 |a 209 p. :   |b ill. ;   |c 24 cm. 
500 0 0 |a Includes bibliography : p. 186-198 and index 
650 0 0 |a Botany   |x Ecology 
650 0 0 |a Plant populations 
650 0 0 |a Vegetation dynamics 
998 |a JPSM 
999 |a 0000003753   |b Monograph   |c Open Shelf   |e Default branch